000 00327pab a2200133 454500
008 180718b xxu||||| |||| 00| 0 eng d
100 _aMurthy, J.S.
245 _aRole of television in promoting national integration
650 _a Integration
650 _aTelevision
700 _aSaha, Maloy
773 _aVidura
909 _a1109
999 _c1109
_d1109